00940nam a22002657a 4500008004100000020001500041040001800056041000800074060001400082100003500096245017200131260005400303300005000357504002700407650002800434650001500462650001800477650002200495650002500517650002200542650002100564700002400585700002700609700003800636130821s2001 ck a gr spa  a9589181589 aCo-BoUCMbspa00aspa aWL 102251 aZuluaga Goméz, Jairo Alberto10aNeurodesarrollo y estimulacióncJairo Alberto Zuluaga Gómez; prólogo Claudine Amiel - Tison ; ilustraciones Gloria E. Quintana J., Laura Victoria Ruano Cáceres aBogotá (Colombia)bEditorial Panamericanac2001 a295 páginasbilustraciones, tablas, cuadros aIncluye bibliografía04aEstimulación adecuada04aGenética04aGenoma humano04aNeurofisiología04aNeurolingüística04aNeuropsicología04aSistema nervioso aQuintama, Gloria E.1 aAmiel Tison, Claudine.1 aRuano Cáceres, Laura Víctoria